Bundesstaaten ihren Ländern zuordnen - Statistiken

Allgemein
  • Dieses Quiz wurde 418 mal gespielt
  • Das Durchschnittsergebnis liegt bei 12 aus 20
Antwortstatistiken
Hint Antwort % Korrekt
Idaho
93%
Montana
92%
Queensland
88%
New South Wales
86%
Tasmanien
85%
Maine
85%
Victoria
84%
Maryland
84%
Kerala
64%
Coahuila
59%
Gujarat
53%
San Luis Potosí
51%
Mizoram
50%
Sonora
48%
Goiás
48%
Pernambuco
40%
Roraima
40%
Tripura
39%
Santa Catarina
28%
Nayarit
15%
Keine übereinstimmenden Quizze gefunden
Verteilung der Resultate
Anzahl Personen mit jedem Resultat
Perzentil nach korrekt beantworteten Fragen
Ihre Resultats-Entwicklung
Sie haben dieses Quiz noch nicht gespielt